000 00341 a2200121 4500
001 ART_48907
005 20260410162007.0
008 260409a
245 1 0 _aAcceso a medicamentos
100 1 _aFlah, Lily R.
700 1 _aBrandolini, Andrés
773 0 _tTemas de derecho civil
_g- Año 5, N° 4 (abr. 2019)
_wREV34778
999 _c31797
_d31797